Statistics for Kendrick Lamar Song by Oxford Definition

Click here to take the quiz!

General Stats

  • This quiz has been taken 67 times
  • The average score is 10 of 15

Answer Stats

HintAnswer% Correct
An artificial pool for swimming inSwimming Pools
95%
Short for attention deficit hyperactivity disorderA.D.H.D
93%
He red liquid that circulates in the arteries and veins of humans and other vertebrate animalsBLOOD.
88%
An intense feeling of deep affectionLOVE.
88%
A self-replicating material that is present in nearly all living organisms as the main constituent of chromosomesDNA.
85%
A circular ornamental headdress worn by a monarch as a symbol of authorityCrown
83%
A reflective surfaceMirror
82%
A feeling of deep pleasure or satisfaction derived from one's own achievementsPRIDE.
75%
Having a great deal of money or assetsRich
70%
A source of easily obtained or unlimited moneyMoney Trees
67%
Having or showing a modest or low estimate of one's own importanceHUMBLE.
60%
Satisfactory but not especially good; acceptableAlright
58%
A strong feeling of support or allegianceLOYALTY.
48%
Having no nameuntitled
28%
Established in practice or custom.Institutionalized
12%

Score Distribution

Percentile by Number Answered

Percent of People with Each Score

Your Score History

You have not taken this quiz